000 00405nam a2200157Ia 4500
008 230917s9999||||xx |||||||||||||| ||und||
020 _cRS335
040 _e23243
_aMAIN
041 _aEnglish
082 _a823.09 H54H
100 _aHilal, Fahmeeda
245 0 _aHistory and fiction: A study of Indo-Anglian partition novel
260 _aNew Delhi
_bBooks plus
_c2009
300 _a152 p.
942 _cBK
999 _c96420
_d96420